Record Details

TALES OF THE IROKO TREE

OBI OPARA (Author).

Record details

  • ISBN: 9789781429408
  • Physical Description: PAPERBACK
  • Publisher: LAGOS  LANTERN BOOKS 2006
Subject: EDUCATION

Available copies

  • 10 of 10 copies available at Headquarters.
Location Call Number / Copy Notes Barcode Shelving Location Status Due Date
Airport Children Library 201 JFIC/OPA 000001457766 Childrens' Fiction Available -
Airport Children Library 201 JFIC/OPA 000001457773 Childrens' Fiction Available -
Airport Children Library 201 JFIC/OPA 000001457780 Childrens' Fiction Available -
Airport Children Library 201 JFIC/OPA 000001457797 Childrens' Fiction Available -
Airport Children Library 201 JFIC/OPA 000001457803 Childrens' Fiction Available -
Airport Children Library 201 JFIC/OPA 000001457810 Childrens' Fiction Available -
Airport Children Library 201 JFIC/OPA 000001457827 Childrens' Fiction Available -
Airport Children Library 201 JFIC/OPA 000001457834 Childrens' Fiction Available -
Airport Children Library 201 JFIC/OPA 000001457841 Childrens' Fiction Available -
Airport Children Library 201 JFIC/OPA 000001506938 Childrens' Fiction Available -

No reviews or recommendations are currently available.

Loading shelf browser…

LDR 00620cam a2200205Ka 4500
00178181
003HQ
00520210407101956.0
008070101s nr a br 1 eng d
020 . ‡a9789781429408
037 . ‡aSSNIT
082 . ‡aJFIC/OPA
100 . ‡aOBI OPARA
245 . ‡aTALES OF THE IROKO TREE
260 . ‡aLAGOS  ‡bLANTERN BOOKS ‡c2006
300 . ‡aPAPERBACK
650 . ‡aEDUCATION
901 . ‡a78181 ‡bAUTOGEN ‡c78181 ‡tbiblio

Session Timeout

Your session will expire in minutes and seconds.

If you need more time, please click "Continue Session."

Session Ended

Your session has ended. Redirecting to the home page...